00309nam a2200121Ia 4500008004100000041000800041082001200049100002000061245003300081260003300114300002900147365001100176240624s9999 xx 000 0 und d aeng a823 HAN aHANH THICH NHAT aCULTIVATING THE MIND OF LOVE c2005aNew DelhibFull Circle ax, : 124 : p. : cm. ; 21 cRSb20